Catalog

Record Details

Catalog Search



Bats : shadows in the night / by Diane Ackerman ; ... Read More

Tuttle, Merlin D.(Added Author).

Available copies

  • 1 of 1 copy available at LARL/NWRL Consortium.

Current holds

0 current holds with 1 total copy.

Show Only Available Copies
Location Call Number / Copy Notes Barcode Shelving Location Status Due Date
Red Lake Falls Public Library j 599.4 ACK (Text) 35500002421707 Main Available -

Record details

  • ISBN: 0517709201 (Lib. bdg)
  • ISBN: 0517709198 (Trade)
  • Physical Description: 30 p. : col. ill. ; 23 cm.
  • Publisher: New York : Crown Publishers, 1997.

Content descriptions

Summary, etc.:
The author gets to see bats close up as she ... Read More
Subject: Bats > Juvenile literature.
LDR 01067cam a22002538a 4500
00120534
003LARL_NWRL_CONSORTIUM
00519961022070411.6
008960205s1997 nyu j 000 0 eng
010 . ‡a96006047 /AC
020 . ‡a0517709201 (Lib. bdg)
020 . ‡a0517709198 (Trade)
03500. ‡ilcmarc/AUG-4685/NWRLTECH
040 . ‡aDLC ‡cDLC ‡dDLC
08200. ‡a599.4 ‡220
092 . ‡aj 599.4 ‡bACK
1001 . ‡aAckerman, Diane, ‡d1948- ‡0(LARL_NWRL_CONSORTIUM)61059
24510. ‡aBats : ‡bshadows in the night / ‡cby Diane Ackerman ; photographs by Merlin Tuttle.
260 . ‡aNew York : ‡bCrown Publishers, ‡c1997.
300 . ‡a30 p. : ‡bcol. ill. ; ‡c23 cm.
520 . ‡aThe author gets to see bats close up as she accompanies bat expert and founder of Bat Conservation International, Merlin Tuttle, on a trip to study these often misunderstood mammals.
650 0. ‡aBats ‡vJuvenile literature. ‡0(LARL_NWRL_CONSORTIUM)163668
7001 . ‡aTuttle, Merlin D. ‡0(LARL_NWRL_CONSORTIUM)72685
901 . ‡a20534 ‡bISxN ‡c20534 ‡tbiblio

Additional Resources